Reading and study skills

Bewaard in:
Bibliografische gegevens
Hoofdauteur: Langan, John
Formaat: Boek
Taal:Undetermined
Gepubliceerd in: New York, NY McGraw-Hill Higher Education 2010
Onderwerpen:
Tags: Voeg label toe
Geen labels, Wees de eerste die dit record labelt!
Thư viện lưu trữ: Trung tâm Học liệu Trường Đại học Cần Thơ
LEADER 00630nam a2200205Ia 4500
001 CTU_190104
008 210402s9999 xx 000 0 und d
020 |c 2337500 
082 |a 428.4071 
082 |b L269 
100 |a Langan, John 
245 0 |a Reading and study skills 
245 0 |c John Langan. 
260 |a New York, NY 
260 |b McGraw-Hill Higher Education 
260 |c 2010 
650 |a Study skills,Reading (Higher education),Kỹ năng học tập,Đọc (Giáo dục đại học) 
650 |z United States,Hoa Kỳ 
904 |i Bằng 
980 |a Trung tâm Học liệu Trường Đại học Cần Thơ